Samiha et les fantômes
<< Retourner aux résultats de la recherche
| Auteur principal : | Clémentine Beauvais |
|---|---|
| Autres auteurs : | Sylvie Serprix |
| Titre : | Samiha et les fantômes |
| Support : | Livres |
| Langue : | Francais |
| Publié : |
DL 2010 Talents hauts Saint-Mandé (Val-de-Marne) |
| Genre : |
Album |
| Collection : |
(Des )livres pour les filles et pour les garçons |
| Sujets : | |
| Étiquettes : |
Pas de tags
|
| LEADER | 00958nam0a2200229 450 | ||
|---|---|---|---|
| 001 | 16829469 | ||
| 010 | |a 978-2-916238-77-7 |b rel. |d 11,5 | ||
| 100 | |a 20121221d2026 u u0frey01 ba | ||
| 101 | 0 | |a fre | |
| 102 | |a FR | ||
| 200 | 0 | |a Samiha et les fantômes |f de Clémentine Beauvais |g illustré par Sylvie Serprix | |
| 207 | 1 | |a | |
| 210 | |a Saint-Mandé (Val-de-Marne) |c Talents hauts |d DL 2010 | ||
| 215 | |a 1 vol. (25 p.) |c ill. en coul., couv. ill. en coul. |d 21 x 22 cm | ||
| 225 | 1 | |a (Des )livres pour les filles et pour les garçons | |
| 330 | |a Quand elle sera grande, Samiha sera fantôme car c'est une tradition pour les mères et les filles. Un album sur le thème du voile intégral. | ||
| 608 | |a Voiles islamiques | ||
| 700 | 0 | |a Beauvais |b Clémentine |f 1989-.... |4 70 | |
| 702 | 0 | |a Serprix |b Sylvie |f 1969-.... |4 440 | |
| 900 | |a Album | ||
| 901 | |a Jeunesse | ||
| 995 | |a Médiathèque |c Médiathèque |f 089012410 |h 089012410 |k A BEA |o p |q j |r az |e Médiathèque | ||